000 005680000a22001810004500
003 MACL
005 20160608115612.0
008 160608b xxu||||| |||| 00| 0 eng d
040 _aMACL
_cMACL
041 _aHindi
082 _a920
100 _aसुरजन, मायाराम
_962918
245 _aधूप छॉह के दिन
_cमायाराम सुरजन
260 _bविघा प्रकाशन मंदिर
_c1993
_aदिल्‍ली
350 _a190
650 _aAutobiography
_962919
942 _cHIN
_k920/SUR
_2ddc
999 _c21652
_d21652